000 00969nam a2200301Ia 4500
001 Z_5328
003 CHAP
008 220113s2006 xx 000 0 und d
010 _a168394
040 _cCHAP
090 _aTesis D 1921
100 _aDiego Aquino, Ervin
_932507
245 _aSuplementación de cobre en cabras y ovejas utilizando cápsulas con alambre de óxido de cobre /
_cErvin Diego Aquino y Jesús Manuel Arias Cadena
260 _aChapingo, México :
_bEl autor,
_c2006
300 _a52 h.
502 _aTesis (Ing. Agar. Esp. en Zootecnia) -- UACH. Departamento de Zootecnia
650 _aCobre en animales
_924189
650 _aCobre en nutrición animal
_924191
650 _aGanado cabrío
_x
_x Alimentación
_9142688
650 _aGanado lanar
_x
_x Alimentación
_9141138
700 _aArias Cadena, Jesús Manuel
_97043
901 _aTESIS D 1921
902 _aM
910 _a2006
942 _c2
942 _c2
999 _c168394
_d168394